000
00329 a2200145 4500
999
_c
9840
_d
9840
003
OSt
005
20220307120347.0
008
220307b ||||| |||| 00| 0 eng d
020
_a
9789352692606
082
_a
551.8
_b
NAN
100
_a
Nandita Singh
245
_a
Structural Geology
260
_b
Random Publications
942
_2
ddc